000 00260nam a22001097a 4500
008 170117b xxu||||| |||| 00| 0 eng d
020 _a9781416046875
041 _aeng
080 _28TH
_a618.2
245 _aMEDICAL-SURGICAL NURSING
_cBLACK, J.M
942 _2udc
_cBK
999 _c3029
_d3029